| 000 | 00525nam a2200181 4500 | ||
|---|---|---|---|
| 001 | 136364 | ||
| 003 | ES-MaACL | ||
| 005 | 20230906195114.0 | ||
| 007 | t| | ||
| 008 | 070214s1981 sp r ||||1| spa d | ||
| 245 | 0 | 0 |
_aRupturas de un sistema económico / _cM. Aglietta... [et al.] ; [traducción por Rafael Myro]. |
| 250 | _a1ª ed. | ||
| 260 |
_aMadrid : _bH. Blume, _c1981. |
||
| 300 |
_a331 p. ; _c21 cm. |
||
| 700 | 1 |
_aAglietta, M. _918562 |
|
| 700 | 1 |
_aMyro, Rafael. _984768 |
|
| 852 |
_aES-MaACL _jL-1494 _bR.101830 |
||
| 999 |
_c136364 _d136364 |
||